ModelEd, TestEd, TrustEd (Запис № 452392)
[ простий вигляд ]
| 000 -LEADER | |
|---|---|
| fixed length control field | 04210nam a22007095i 4500 |
| 001 - CONTROL NUMBER | |
| control field | 978-3-319-68270-9 |
| 003 - CONTROL NUMBER IDENTIFIER | |
| control field | DE-He213 |
| 005 - DATE AND TIME OF LATEST TRANSACTION | |
| control field | 20210118150641.0 |
| 007 - PHYSICAL DESCRIPTION FIXED FIELD--GENERAL INFORMATION | |
| fixed length control field | cr nn 008mamaa |
| 008 - FIXED-LENGTH DATA ELEMENTS--GENERAL INFORMATION | |
| fixed length control field | 170927s2017 gw | s |||| 0|eng d |
| 020 ## - INTERNATIONAL STANDARD BOOK NUMBER | |
| International Standard Book Number | 9783319682709 |
| -- | 978-3-319-68270-9 |
| 024 7# - OTHER STANDARD IDENTIFIER | |
| Standard number or code | 10.1007/978-3-319-68270-9 |
| Source of number or code | doi |
| 050 #4 - LIBRARY OF CONGRESS CALL NUMBER | |
| Classification number | QA76.9.L63 |
| 050 #4 - LIBRARY OF CONGRESS CALL NUMBER | |
| Classification number | QA76.5913 |
| 072 #7 - SUBJECT CATEGORY CODE | |
| Subject category code | UM |
| Source | bicssc |
| 072 #7 - SUBJECT CATEGORY CODE | |
| Subject category code | COM051000 |
| Source | bisacsh |
| 072 #7 - SUBJECT CATEGORY CODE | |
| Subject category code | UM |
| Source | thema |
| 072 #7 - SUBJECT CATEGORY CODE | |
| Subject category code | UYF |
| Source | thema |
| 082 04 - DEWEY DECIMAL CLASSIFICATION NUMBER | |
| Classification number | 005.1015113 |
| Edition number | 23 |
| 245 10 - TITLE STATEMENT | |
| Title | ModelEd, TestEd, TrustEd |
| Medium | [electronic resource] : |
| Remainder of title | Essays Dedicated to Ed Brinksma on the Occasion of His 60th Birthday / |
| Statement of responsibility, etc | edited by Joost-Pieter Katoen, Rom Langerak, Arend Rensink. |
| 250 ## - EDITION STATEMENT | |
| Edition statement | 1st ed. 2017. |
| 264 #1 - | |
| -- | Cham : |
| -- | Springer International Publishing : |
| -- | Imprint: Springer, |
| -- | 2017. |
| 300 ## - PHYSICAL DESCRIPTION | |
| Extent | XII, 391 p. 115 illus. |
| Other physical details | online resource. |
| 336 ## - | |
| -- | text |
| -- | txt |
| -- | rdacontent |
| 337 ## - | |
| -- | computer |
| -- | c |
| -- | rdamedia |
| 338 ## - | |
| -- | online resource |
| -- | cr |
| -- | rdacarrier |
| 347 ## - | |
| -- | text file |
| -- | |
| -- | rda |
| 490 1# - SERIES STATEMENT | |
| Series statement | Programming and Software Engineering ; |
| Том/ позначення послідовності | 10500 |
| 505 0# - FORMATTED CONTENTS NOTE | |
| Formatted contents note | Modeling and Semantics -- Testing -- Analysis -- Probabilities -- System Dynamics -- Applications. |
| 520 ## - SUMMARY, ETC. | |
| Summary, etc | This Festschrift volume has been published in honor of Ed Brinksma, on the occasion of his 60th birthday. The contributions in this Festschrift are written by a number of Ed's former Ph.D. students and collaborators. The papers are a reflection on his research contributions and interests and all fall into the area of formal methods, or in Ed's terminology applied mathematics in computer science. The papers address modeling languages and semantics, model-based testing, verification and performance analysis, probabilistic computation, system dynamics, and applications of formal methods. |
| 506 ## - RESTRICTIONS ON ACCESS NOTE | |
| Terms governing access | Available to subscribing member institutions only. Доступно лише організаціям членам підписки. |
| 506 ## - RESTRICTIONS ON ACCESS NOTE | |
| Standardized terminology for access restriction | Online access from local network of NaUOA. |
| 506 ## - RESTRICTIONS ON ACCESS NOTE | |
| Standardized terminology for access restriction | Online access with authorization at https://link.springer.com/ |
| 506 ## - RESTRICTIONS ON ACCESS NOTE | |
| Standardized terminology for access restriction | Онлайн-доступ з локальної мережі НаУОА. |
| 506 ## - RESTRICTIONS ON ACCESS NOTE | |
| Standardized terminology for access restriction | Онлайн доступ з авторизацією на https://link.springer.com/ |
| 650 #0 - SUBJECT ADDED ENTRY--TOPICAL TERM | |
| Topical term or geographic name as entry element | Computer logic. |
| 650 #0 - SUBJECT ADDED ENTRY--TOPICAL TERM | |
| Topical term or geographic name as entry element | Software engineering. |
| 650 #0 - SUBJECT ADDED ENTRY--TOPICAL TERM | |
| Topical term or geographic name as entry element | Programming languages (Electronic computers). |
| 650 #0 - SUBJECT ADDED ENTRY--TOPICAL TERM | |
| Topical term or geographic name as entry element | Computer simulation. |
| 650 #0 - SUBJECT ADDED ENTRY--TOPICAL TERM | |
| Topical term or geographic name as entry element | Mathematical logic. |
| 650 #0 - SUBJECT ADDED ENTRY--TOPICAL TERM | |
| Topical term or geographic name as entry element | Algorithms. |
| 650 14 - SUBJECT ADDED ENTRY--TOPICAL TERM | |
| Topical term or geographic name as entry element | Logics and Meanings of Programs. |
| -- | http://scigraph.springernature.com/things/product-market-codes/I1603X |
| 650 24 - SUBJECT ADDED ENTRY--TOPICAL TERM | |
| Topical term or geographic name as entry element | Software Engineering. |
| -- | http://scigraph.springernature.com/things/product-market-codes/I14029 |
| 650 24 - SUBJECT ADDED ENTRY--TOPICAL TERM | |
| Topical term or geographic name as entry element | Programming Languages, Compilers, Interpreters. |
| -- | http://scigraph.springernature.com/things/product-market-codes/I14037 |
| 650 24 - SUBJECT ADDED ENTRY--TOPICAL TERM | |
| Topical term or geographic name as entry element | Simulation and Modeling. |
| -- | http://scigraph.springernature.com/things/product-market-codes/I19000 |
| 650 24 - SUBJECT ADDED ENTRY--TOPICAL TERM | |
| Topical term or geographic name as entry element | Mathematical Logic and Formal Languages. |
| -- | http://scigraph.springernature.com/things/product-market-codes/I16048 |
| 650 24 - SUBJECT ADDED ENTRY--TOPICAL TERM | |
| Topical term or geographic name as entry element | Algorithm Analysis and Problem Complexity. |
| -- | http://scigraph.springernature.com/things/product-market-codes/I16021 |
| 700 1# - ADDED ENTRY--PERSONAL NAME | |
| Personal name | Katoen, Joost-Pieter. |
| Relator term | editor. |
| -- | (orcid)0000-0002-6143-1926 |
| -- | https://orcid.org/0000-0002-6143-1926 |
| Relator code | edt |
| -- | http://id.loc.gov/vocabulary/relators/edt |
| 700 1# - ADDED ENTRY--PERSONAL NAME | |
| Personal name | Langerak, Rom. |
| Relator term | editor. |
| Relator code | edt |
| -- | http://id.loc.gov/vocabulary/relators/edt |
| 700 1# - ADDED ENTRY--PERSONAL NAME | |
| Personal name | Rensink, Arend. |
| Relator term | editor. |
| -- | (orcid)0000-0002-1714-6319 |
| -- | https://orcid.org/0000-0002-1714-6319 |
| Relator code | edt |
| -- | http://id.loc.gov/vocabulary/relators/edt |
| 710 2# - ADDED ENTRY--CORPORATE NAME | |
| Corporate name or jurisdiction name as entry element | SpringerLink (Online service) |
| 773 0# - HOST ITEM ENTRY | |
| Title | Springer eBooks |
| 776 08 - ADDITIONAL PHYSICAL FORM ENTRY | |
| Display text | Printed edition: |
| International Standard Book Number | 9783319682693 |
| 776 08 - ADDITIONAL PHYSICAL FORM ENTRY | |
| Display text | Printed edition: |
| International Standard Book Number | 9783319682716 |
| 830 #0 - SERIES ADDED ENTRY--UNIFORM TITLE | |
| Uniform title | Programming and Software Engineering ; |
| Volume number/sequential designation | 10500 |
| 856 40 - ELECTRONIC LOCATION AND ACCESS | |
| Uniform Resource Identifier | <a href="https://doi.org/10.1007/978-3-319-68270-9">https://doi.org/10.1007/978-3-319-68270-9</a> |
| 912 ## - | |
| -- | ZDB-2-SCS |
| 912 ## - | |
| -- | ZDB-2-LNC |
| 942 ## - ADDED ENTRY ELEMENTS (KOHA) | |
| Koha item type | ЕКнига |
Немає доступних примірників.